K publikácii Miloša Klátika: CESTOU VIERY

Bibliographic Details
Main Author: Midriak, Ján (Author)
Format: Article
Language:Slovak
Subjects:

MARC

LEADER 00000nab a2200000uu 4500
001 vtls011526033
003 SK-MaSNL
005 20260303112756.0
008 230121|2012 xo |||||||||||||||||slo|
015 |a SNBRB 
035 |a (urnnbn)urn:nbn:sk:snk:ar-a08sf1 
035 |a (uuid)1a79553d-2096-43a0-a937-3492d4c90db9 
035 |a urn:nbn:sk:snk-abed82 
040 |a SNKBUCL  |b slo  |c SNKBUCL  |e AACR2 
041 0 |a slo 
044 |a xo  |c SK 
080 |a 002.1  |2 2001 
080 |a 08/09  |2 2011 
100 1 |a Midriak, Ján  |4 aut  |9 267300 
245 1 0 |a K publikácii Miloša Klátika: CESTOU VIERY  |c Ján Midriak 
600 1 7 |a Klátik, Miloš,  |d 1963-  |2 SNKMA  |9 106618 
650 0 7 |a publikácie  |2 SNKPH  |9 19587 
650 0 7 |a viera  |2 SNKPH  |9 22707 
650 0 7 |a knihy  |2 SNKPH  |9 19731 
773 0 |t Cirkevné listy : časopis venovaný záujmom cirkve evanjelickej a. v.  |g Roč. 136, č. 7-8 (2012), s. 48-49 
954 |a odborná, vedecká literatúra pôvodná (slovenská)  |2 lita 
958 |a OND 
958 |a EUIPO 
958 |a article21 
999 |c 1887134  |d 1889064